| 000 | 00433nam a2200157 i 4500 | ||
|---|---|---|---|
| 001 | bg | ||
| 100 | 1 | _aSCHUMONN, Hans-Georg | |
| 245 | 0 |
_aTurbo C++ für Windows : _bObiektorientierks Programmieren mit Object Windows / _cHans-Georg Schumonn. |
|
| 260 |
_aBonn, _c1992. |
||
| 630 | _aWINDOWS | ||
| 650 | _aC (język programowania) | ||
| 040 | _cBPK | ||
| 041 | _apol | ||
| 942 | _cKS | ||
| 008 | s pl f |000 0 pol | ||
| 999 |
_c29699 _d29699 |
||
| 856 |
_uhttp://koha.tu.koszalin.pl/cgi-bin/koha/opac-detail.pl?biblionumber=29699 _yKatalog online BPK |
||